Balance-of-payments adjustment policies Japan, Germany, and the Netherlands

Sparad:
Bibliografiska uppgifter
Huvudupphovsman: Michaely, Michael
Materialtyp: Bok
Språk:Undetermined
Publicerad: New York National Bureau of Economic Research 1968
Ämnen:
Taggar: Lägg till en tagg
Inga taggar, Lägg till första taggen!
Thư viện lưu trữ: Trung tâm Học liệu Trường Đại học Cần Thơ
LEADER 00551nam a2200181Ia 4500
001 CTU_77783
008 210402s9999 xx 000 0 und d
082 |a 332.1 
082 |b M621 
100 |a Michaely, Michael 
245 0 |a Balance-of-payments adjustment policies Japan, Germany, and the Netherlands 
245 0 |c Michael Michaely 
260 |a New York 
260 |b National Bureau of Economic Research 
260 |c 1968 
650 |a Balance of payments 
650 |z Japan,Germeny 
980 |a Trung tâm Học liệu Trường Đại học Cần Thơ